000 01022nam a2200265 a 4500
001 BRCA_8463
005 20190320210307.0
008 141215s2015----mx-a######---#000-0#spa-#
041 _aspaeng
044 _amx
050 4 _aN8860
_b.A58 2015
245 1 0 _aAnticuariato en México = Anticuariato in Mexico
_cconcepto y dirección editorial Elena Horz de Sotomayor, Paulina Via Horz ; responsable del proyecto SKM Alonso Maisterrena Álvarez ; traducción Debra Nagao.
260 _aMéxico
_bSmurfit Kappa
_c2015
300 _a297 p.
_bil. a color
_c33 cm.
500 _aIncluye piezas de la colección Franz Mayer: p. [73], 93-95, [117] y [138]
504 _aIncluye referencias bibliográficas
546 _aTexto en : español e inglés
650 1 4 _aAnticuarios
_zMéxico
_921023
700 1 _aHorz de Sotomayor, Elena
_93367
700 1 _aVia Horz, Paulina
_921192
700 1 _aMaisterrena Álvarez, Alonso
_921193
700 1 _aNagao, Debra
_etr.
_92576
740 0 _aAnticuariato in Mexico
942 _2lcc
_cB
999 _c8130
_d8130